Normal view MARC view

Entry Topical Term

Number of records used in: 1

001 - CONTROL NUMBER

  • control field: 264775

003 - CONTROL NUMBER IDENTIFIER

  • control field: OSt

005 - DATE AND TIME OF LATEST TRANSACTION

  • control field: 20260527154147.0

008 - FIXED-LENGTH DATA ELEMENTS

  • fixed length control field: 260527|| aca||aabn | a|a d

040 ## - CATALOGING SOURCE

  • Original cataloging agency: OSt
  • Transcribing agency: OSt

150 ## - HEADING--TOPICAL TERM

  • Topical term or geographic name entry element: Yakshagana

670 ## - SOURCE DATA FOUND

  • Source citation: Work cat.: (OSt)99688: NARAYANA ACHARYA (A). ನಾರಾಯಣ ಆಚಾರ್ಯ (ಎ) 264774, Yaksha vimshati., 1995